000 00313nam a2200133Ia 4500
008 100328s9999 xx 000 0 und d
082 _b43529
100 _aशेळके उदव ज.
245 _aधग
260 _bपॅाप्युलर
630 _aधग
730 _aधग
942 _cBOOK
999 _c531872
_d531869